| 000 | 01022nam a2200361 a 4500 | ||
|---|---|---|---|
| 003 | AR-BaBNM | ||
| 005 | 20251128210805.0 | ||
| 008 | 082120s2002 ||||||||||||||000 | spa|| | ||
| 040 | _cAR-BaBNM | ||
| 100 | 1 | _aGrambs, Jean D. | |
| 245 | 0 | 0 | _aEducación y grupos escolares |
| 260 |
_aBuenos Aires _bLibrería del Colegio _c1971 |
||
| 300 | _a139 p. | ||
| 490 | 0 | _aBiblioteca nueva pedagogía | |
| 500 | _aContiene referencias bibliográficas | ||
| 650 | 4 | _aENSEÑANZA EN GRUPO | |
| 650 | 4 | _aDINAMICA DE GRUPO | |
| 650 | 4 | _aGRUPOS DE PARES | |
| 650 | 4 | _aRELACIONES ENTRE GRUPOS | |
| 650 | 4 | _aROL DEL DOCENTE | |
| 650 | 4 | _aLIDERAZGO | |
| 650 | 4 | _aCONDUCCION DE LA CLASE | |
| 650 | 4 | _aCOMUNICACION EN LA CLASE | |
| 650 | 4 | _aCOOPERACION | |
| 650 | 4 | _aPROCESO DE APRENDIZAJE | |
| 653 | _aEDUCACION PRIMARIA | ||
| 653 | _aEDUCACION SECUNDARIA | ||
| 700 | 1 | _aSmith, Louis M. | |
| 700 | 1 | _aWrightstone, J. Wayne | |
| 800 | 1 |
_aManganiello, Ethel María _edirector |
|
| 942 | _cBK | ||
| 998 | _cRaquel | ||
| 999 |
_c16922 _d16922 |
||